Účetní závěrky v mimořádných situacích podnikatelů (právnických osob)
Legislatívna úprava mimoriadnych účtovných závierok v ČR (zákon č.563/1991 Sb. o účtovníctve). Účtovné závierky v mimoriadnych situáciách: 1. pri pozitívnom vývoji podniku (vznik, rozširovanie majetkovej podstaty, získanie majetku z cudzích zdrojov, vstup cenných papierov na BCP), 2. v situáciách pr...
Gespeichert in:
| 1. Verfasser: | |
|---|---|
| Format: | Buchkapitel |
| Sprache: | Tschechisch |
| Schlagworte: | |
| Tags: |
Keine Tags, Fügen Sie das erste Tag hinzu!
|
MARC
| LEADER | 00000naa a2200000 4500 | ||
|---|---|---|---|
| 001 | r016943 | ||
| 005 | 20221208131541.4 | ||
| 041 | 0 | |a cze | |
| 044 | |a CZ | ||
| 245 | 1 | 0 | |a Účetní závěrky v mimořádných situacích podnikatelů (právnických osob) |c Hana Vomáčková |
| 520 | |a Legislatívna úprava mimoriadnych účtovných závierok v ČR (zákon č.563/1991 Sb. o účtovníctve). Účtovné závierky v mimoriadnych situáciách: 1. pri pozitívnom vývoji podniku (vznik, rozširovanie majetkovej podstaty, získanie majetku z cudzích zdrojov, vstup cenných papierov na BCP), 2. v situáciách problematického charakteru, keď je nepretržité trvanie podniku ohrozené alebo neplatí. Účtovná závierka pri konkurze a vyrovnaní. | ||
| 610 | 2 | 0 | |a závierka účtovná |
| 610 | 2 | 0 | |a podnik |
| 610 | 2 | 0 | |a klasifikácia |
| 610 | 2 | 0 | |a Česko |
| 610 | 2 | 0 | |a legislatíva |
| 610 | 2 | 0 | |a vývoj podniku |
| 610 | 2 | 0 | |a likvidácia podniku |
| 610 | 2 | 0 | |a akcie |
| 610 | 2 | 0 | |a burzy |
| 100 | 1 | |a Vomáčková, Hana | |